00742nac a22001811u 4500082002000000090001500020100003400035245006000069260006000129300002400189500001500213500004100228650003000269942002200299999001500321952011200336952011200448 a615.1901bH2757 c3459d3459 a20080729  aClinical Significance Of Tests Avaliable From Du Pont / aUSA:b[Medical Products Department] ,C.[19--]cC.[19--] a140p.:bill;c17cm. aDonations. aDonations - Bibliotheca Alexandrina. aPharmaceutical chemistry. cBBk615.1901H2757 c3459d3459 00102ddc4070aMAINbMAINc1STd2016-04-07ePurchasel0o615.1901 CLIp000030276r2025-07-15 00:00:00yBB 00102ddc4070aMAINbMAINc1STd2016-04-07ePurchasel0o615.1901 CLIp000030275r2025-07-15 00:00:00yBB